Nation business directory : 2005.
| Format: | Book |
|---|---|
| Published: |
Nairobi:
Nation Marketing & Publishing,
2007.
|
| Edition: | 5th ed. |
| Subjects: |
| LEADER | 00502cam a2200157 7i4500 | ||
|---|---|---|---|
| 001 | 0000022490 | ||
| 005 | 20090331090000.0 | ||
| 090 | 0 | 0 | |a KENA 910.2596762 |b NAT |
| 245 | 0 | 0 | |a Nation business directory : |b 2005. |
| 250 | 0 | 0 | |a 5th ed. |
| 260 | 0 | 0 | |a Nairobi: |b Nation Marketing & Publishing, |c 2007. |
| 300 | # | # | |a 608 p. |
| 650 | 0 | 0 | |a Kenya -- |x Telephone directories -- |x Yellow pages |
| 650 | 0 | 0 | |a Kenya -- |x Business enterprises |
| 651 | 0 | 0 | |a Kenya |
| 999 | |a 0000023570 |b Directories |c Countries |e Business Information Centre | ||